¿Qué hay detrás de la muerte de mujeres a manos de sus parejas masculinas? Hacia un análisis del concepto "violencia de género" (Record no. 172874)

MARC details
000 -CABECERA
campo de control de longitud fija 02248nab a2200301 a 4500
005 - FECHA Y HORA DE LA ÚLTIMA TRANSACCIÓN
campo de control 20210219162248.0
008 - ELEMENTOS DE LONGITUD FIJA--INFORMACIÓN GENERAL
campo de control de longitud fija 991125s1985 mx 000 0 spa u
035 ## - NÚMERO DE CONTROL DEL SISTEMA
Número de control de sistema UPN01000200773
049 ## - COLECCIÓN
Colección ART-E
100 1# - ASIENTO PRINCIPAL--NOMBRE PERSONAL
Nombre de persona Guerra Verdeja, José Antonio
100 1# - ASIENTO PRINCIPAL--NOMBRE PERSONAL
Filiación guever@ono.com
222 00 - TÍTULO CLAVE
Título clave EMPIRIA :
Información calificativa REVISTA DE METODOLOGIA DE LAS CIENCIAS SOCIALES
245 00 - MENCIÓN DE TÍTULO
Título ¿Qué hay detrás de la muerte de mujeres a manos de sus parejas masculinas? Hacia un análisis del concepto "violencia de género"
260 ## - PUBLICACIÓN, DISTRIBUCIÓN, ETC.
Lugar de publicación, distribución, etc. España
300 ## - DESCRIPCIÓN FÍSICA
Extensión 129-156
362 0# - FECHAS DE PUBLICACIÓN Y/O DESIGNACIÓN SECUENCIAL
Fecha de publicación y/o designación secuencial 2014 No. 28, may.-ago-
336 ## - TIPO DE CONTENIDO
Término de tipo de contenido texto$2rdacontent
337 ## - TIPO DE MEDIO
Nombre/término del tipo de medio computadora$2rdamedia
338 ## - TIPO DE SOPORTE
Nombre/término del tipo de soporte recurso en linea$2rdacarrier
520 3# - NOTA DE RESUMEN, ETC.
Sumario, etc. Este artículo pone de manifiesto la necesidad de una adecuada conceptualización de la «violencia de género» con el fin de analizar qué se encuentra detrás de las muertes de mujeres a manos de sus parejas masculinas y que, con frecuencia, aparecen en los medios de comunicación. A pesar de hallarnos en la sociedad de la información, que implica un mayor desarrollo del ser humano, la inercia del patriarcado supone una fuerte resistencia al mismo. La visibilidad de la violencia contra las mujeres es un ejemplo de ello, pero a su vez refleja tan sólo una cara concreta del poliedro que es la «violencia de género», y cuyo contenido es preciso desentrañar. Contra discursos esencialistas nos hemos situado dentro del paradigma construccionista, planteando una crítica a la equívoca equiparación que se hace entre violencia de género y violencia contra las mujeres. Para ello se han redefinido las categorías estructurales de «hombre» y «mujer» para sacar a la luz el constructo sexo/género, y se ha presentado el género como relación social de dominación analizándolo con independencia del sexo para romper así con uno de los más profundos mecanismos de resistencia del patriarcado, como es la dualidad «dos sexos/dos géneros».
653 0# - TERMINO DE INDIZACION - NO CONTROLADO
Término no controlado VIOLENCIA DE GENERO
653 0# - TERMINO DE INDIZACION - NO CONTROLADO
Término no controlado VIOLENCIA CONYUGAL
653 0# - TERMINO DE INDIZACION - NO CONTROLADO
Término no controlado AGRESION
653 0# - TERMINO DE INDIZACION - NO CONTROLADO
Término no controlado DUALIDAD
856 4# - LOCALIZACIÓN Y ACCESO ELECTRÓNICOS
Identificador Uniforme del Recurso <a href="http://e-spacio.uned.es/revistasuned/index.php/empiria/article/view/12124/11444">http://e-spacio.uned.es/revistasuned/index.php/empiria/article/view/12124/11444</a>
905 ## - TIPO DE MATERIAL
Tipo de material Articulo

No items available.